MyGZULibrary

The future of law : (Record no. 11778)

MARC details
000 -LEADER
fixed length control field 01378cam a2200385 a 4500
001 - CONTROL NUMBER
control field 3524210
003 - CONTROL NUMBER IDENTIFIER
control field GZU
005 - DATE AND TIME OF LATEST TRANSACTION
control field 20260427132255.0
008 - FIXED-LENGTH DATA ELEMENTS--GENERAL INFORMATION
fixed length control field 960405s1996 nyu b 001 0 eng
010 ## - LIBRARY OF CONGRESS CONTROL NUMBER
LC control number 96017176
020 ## - INTERNATIONAL STANDARD BOOK NUMBER
International Standard Book Number 0198260075
Qualifying information acid-free paper
020 ## - INTERNATIONAL STANDARD BOOK NUMBER
International Standard Book Number 9780198260073
Qualifying information (acid-free paper)
022 ## - INTERNATIONAL STANDARD SERIAL NUMBER
International Standard Serial Number .
035 ## - SYSTEM CONTROL NUMBER
System control number 3524210
040 ## - CATALOGING SOURCE
Original cataloging agency DLC
Transcribing agency DLC
Modifying agency GZULib
Language of cataloging eng
Description conventions rda
050 00 - LIBRARY OF CONGRESS CALL NUMBER
Classification number K87
Item number .SUS 1996
082 00 - DEWEY DECIMAL CLASSIFICATION NUMBER
Classification number 340/.0285
Edition number 20
100 1# - MAIN ENTRY--PERSONAL NAME
Personal name Susskind, Richard E.
Relator term author
245 14 - TITLE STATEMENT
Title The future of law :
Remainder of title facing the challenges of information technology /
Statement of responsibility, etc. Richard Susskind.
260 ## - PUBLICATION, DISTRIBUTION, ETC.
Place of publication, distribution, etc. Oxford :
Name of publisher, distributor, etc. Clarendon Press ;
Place of publication, distribution, etc. New York :
Name of publisher, distributor, etc. Oxford University Press,
Date of publication, distribution, etc. 1996.
300 ## - PHYSICAL DESCRIPTION
Extent xvi, 309 pages ;
Dimensions 24 cm.
336 ## - CONTENT TYPE
Content type term text
Content type code txt
Source rdacontent
337 ## - MEDIA TYPE
Media type term unmediated
Media type code n
Source rdamedia
338 ## - CARRIER TYPE
Carrier type term volume
Carrier type code nc
Source rdacarrier
504 ## - BIBLIOGRAPHY, ETC. NOTE
Bibliography, etc. note Includes bibliographical references (p. 293-299) and index.
505 ## - FORMATTED CONTENTS NOTE
Formatted contents note .
520 ## - SUMMARY, ETC.
Summary, etc. .
650 #0 - SUBJECT ADDED ENTRY--TOPICAL TERM
Topical term or geographic name entry element Law
General subdivision Automation.
650 #0 - SUBJECT ADDED ENTRY--TOPICAL TERM
Topical term or geographic name entry element Practice of law
General subdivision Automation.
650 #0 - SUBJECT ADDED ENTRY--TOPICAL TERM
Topical term or geographic name entry element Justice, Administration of
General subdivision Automation.
650 #0 - SUBJECT ADDED ENTRY--TOPICAL TERM
Topical term or geographic name entry element Information technology.
856 42 - ELECTRONIC LOCATION AND ACCESS
Materials specified Publisher description
Uniform Resource Identifier <a href="http://www.loc.gov/catdir/enhancements/fy0637/96017176-d.html">http://www.loc.gov/catdir/enhancements/fy0637/96017176-d.html</a>
856 42 - ELECTRONIC LOCATION AND ACCESS
Materials specified Contributor biographical information
Uniform Resource Identifier <a href="http://www.loc.gov/catdir/enhancements/fy0724/96017176-b.html">http://www.loc.gov/catdir/enhancements/fy0724/96017176-b.html</a>
942 ## - ADDED ENTRY ELEMENTS (KOHA)
Source of classification or shelving scheme Library of Congress Classification
Koha item type Books
Classification part 87
Item part SUS
Call number prefix K
Holdings
Withdrawn status Lost status Source of classification or shelving scheme Damaged status Not for loan Collection code Home library Current library Shelving location Date acquired Source of acquisition Total Checkouts Full call number Barcode Date last seen Copy number Price effective from Koha item type
    Library of Congress Classification     Non-fiction Law Library Law Library General Stacks 04/27/2026 Expo Projects   K87 SUS 1996 034769 04/27/2026 c. 1 04/27/2026 Books